|
|
|
|
| LEADER |
00663cam a2200229 7i4500 |
| 001 |
0000036769 |
| 005 |
20220428090000.0 |
| 007 |
ta |
| 008 |
220217t2007 may |
| 020 |
|
|
|a 9780143104865
|
| 040 |
|
|
|a MATR
|
| 090 |
0 |
0 |
|a FI 843.912
|b LEB
|
| 100 |
1 |
|
|a Beblanc, Maurice
|e author
|
| 245 |
1 |
0 |
|a Arsene Lupin, Gentleman-Thief
|c Maurice Beblanc.
|
| 264 |
|
0 |
|a New York:
|b Pengui Books,
|c 2007.
|
| 300 |
|
|
|a 278 pages;
|c cm.
|
| 336 |
|
|
|a text
|2 rdacontent
|
| 337 |
|
|
|a unmediated
|2 rdamedia
|
| 338 |
|
|
|a volume
|2 rdacarrier
|
| 500 |
|
|
|a Screen adaption
|
| 650 |
|
0 |
|a English fiction
|
| 999 |
|
|
|a B000041678
|b Book
|c Book
|e Business Information Centre
|